Beyond burnout : (Record no. 60187)

MARC details
000 -LEADER
fixed length control field 00782nam a2200217 4500
005 - DATE AND TIME OF LATEST TRANSACTION
control field 20260220073925.0
008 - FIXED-LENGTH DATA ELEMENTS--GENERAL INFORMATION
fixed length control field 260220b |||||||| |||| 00| 0 eng d
020 ## - INTERNATIONAL STANDARD BOOK NUMBER
International Standard Book Number 97816464810701
050 ## - LIBRARY OF CONGRESS CALL NUMBER
Classification number RT42
Item number .W33 2023
100 ## - MAIN ENTRY--PERSONAL NAME
Personal name Waddill-Goad, Suzanne,
245 ## - TITLE STATEMENT
Title Beyond burnout :
Remainder of title overcoming stress in nurssing & healthcare for optimal health & well being/
250 ## - EDITION STATEMENT
Edition statement 2nd
260 ## - PUBLICATION, DISTRIBUTION, ETC. (IMPRINT)
Place of publication, distribution, etc Indianapolis, IN :
Name of publisher, distributor, etc Sigma,
Date of publication, distribution, etc 2023
300 ## - PHYSICAL DESCRIPTION
Extent xl, 387 pages :
Other physical details illustrations ;
Dimensions 23 cm
500 ## - GENERAL NOTE
General note Revised edition of: Nurse burnout / Suzanne Waddill-Goad,
500 ## - GENERAL NOTE
General note Includes bibliographical references and index.
650 ## - SUBJECT ADDED ENTRY--TOPICAL TERM
Topical term or geographic name as entry element Nurses
General subdivision Job stress.
650 ## - SUBJECT ADDED ENTRY--TOPICAL TERM
Topical term or geographic name as entry element Nursing
General subdivision Psychological aspects.
650 ## - SUBJECT ADDED ENTRY--TOPICAL TERM
Topical term or geographic name as entry element Burn out (Psychology)
General subdivision Prevention.
942 ## - ADDED ENTRY ELEMENTS (KOHA)
Source of classification or shelving scheme Library of Congress Classification
Item type Book
Holdings
Withdrawn status Lost status Source of classification or shelving scheme Damaged status Not for loan Collection code Home library Current library Shelving location Date acquired Source of acquisition Cost, normal purchase price Total Checkouts Full call number Barcode Date last seen Copy number Price effective from Koha item type
    Library of Congress Classification     Non-fiction Bishop Okullu Memorial Library (Limuru Campus) Bishop Okullu Memorial Library (Limuru Campus) General Circulation 20/02/2026 Donation- Pittsburgh 3862.00   RT42 .W33 2023 073108 20/02/2026 1 20/02/2026 Book